000 00348nam a22001457a 4500
999 _c257574
_d257573
003 OSt
005 20190521145547.0
008 190521b xxu||||| |||| 00| 0 eng d
022 _a9780821379417
040 _cN\A
110 _aWorld Bank
245 _aAwakening Africas Sleeping Giant:
260 _aUSA
_bThe World Bank
_c2009
942 _2lcc
_cBK